000 01331nam2a2200289 4500
001 RU\NLR\bibl\1658420
005 20250616040201.0
010 _a978-5-9539-4586-8
_920000
021 _aRU
_b2010-47812
_93174
021 _aRU
_b2010-75904
_95052
035 _a(NLR Aleph) 001649718
090 _a914011
_c914011
100 _a20100726d2010 |||y0rusy50 ca
101 1 _arus
_cita
102 _aRU
105 _aa |||||||||
200 1 _aКнига судьбы
_f[пер. с итал. Елены Дмитриевой]
210 _d2010
_aБ. м.
215 _a93, [2] c.
_cцв. ил.
300 _aНазв. на яз. ориг.: Il libro del destino
454 0 _12001#$aIl libro del destino
_tIl libro del destino
461 0 _1001RU\NLR\bibl\1660295
_12001#$aСекрет потерянного королевства$v[Ч.] 5
_9925219
_cМосква
_d2010
_fпер. с итал. Елены Сайгафаровой]
_nЭгмонт Россия Лтд.
_oпо мультфильму Иджинио Страффи : [для детей среднего и старшего школьного возраста : в 10 ч.
_tСекрет потерянного королевства
_y978-5-9539-4590-5
_v[Ч.] 5
801 0 _aRU
_bNLR
_c20100726
_gRCR
801 1 _aRU
_bNLR
_c20100726
942 _cBOOK
980 _aNB